000
00241nam a2200097Ia 4500
001
685022
005
20250826161509.0
008
250824s9999 xx 000 0 und d
245
0
_a
EKMEK KAVGASI/O.KEMAL/EVEREST
_c
ORHAN KEMAL
260
_b
EVEREST
999
_c
685022
_d
685022